000 00650 a2200205 4500
010 _aENG-88899
020 _c500.00
_a9788189239398
035 _aEN-72432
037 _bDBAD / PUB
082 1 4 _a302.234
090 _c9640
_d9640
100 1 _aWadhwa, Priyanka
245 1 _aElectronic media /
_cby Priyanka Wadhwa
260 _aNew Delhi
_bMurari Lal & Sons
_c2007
270 _a4378/4B, Ansari Road, Darya Ganj,
_bNew Delhi
_e110 002
300 _av, 248p.
_c22cm (Hb)
500 _aIncludes index
942 _adpl
_cEN
_k302.234 / WAD
999 _c9465
_d9465